Armenian class 9/15/23 - Statistics

General Stats
  • This quiz has been taken 20 times
  • The average score is 6 of 20
Answer Stats
Word Answer % Correct
but bayts'
67%
far, distant her'u
67%
bless you aroghjutyun
50%
nothing voch'inch'
50%
the most amena-
33%
more (comparative) aveli-
33%
car, machine mekena
33%
close motik
33%
breakfast naxachash
33%
minute rope
33%
because vorovhetev
33%
to denote a building -anotes
17%
bus avtobus
17%
guest heeyor
17%
hotel heeyoranotes
17%
sick, ill hivank
17%
bed mahchakal
17%
street pohots'
17%
cold (food) sara
17%
fruit votk
17%
No matching quizzes found
Score Distribution
Percent of People with Each Score
Percentile by Number Answered
Your Score History
You have not taken this quiz